Managing cisco network security (Record no. 176723)

000 -LEADER
fixed length control field 00440nam a2200145Ia 4500
008 - FIXED-LENGTH DATA ELEMENTS--GENERAL INFORMATION
fixed length control field 220217s9999||||xx |||||||||||||| ||und||
020 ## - INTERNATIONAL STANDARD BOOK NUMBER
International Standard Book Number 81-7366-788-8
082 ## - DEWEY DECIMAL CLASSIFICATION NUMBER
Classification number 005.8 KNI
100 ## - MAIN ENTRY--PERSONAL NAME
Personal name Knipp, Eric. Browne, Brian. Weaver, Woody. Baumrucker, Tate,
9 (RLIN) 5653
245 #0 - TITLE STATEMENT
Title Managing cisco network security
250 ## - EDITION STATEMENT
Edition statement 2nd
260 ## - PUBLICATION, DISTRIBUTION, ETC.
Place of publication, distribution, etc. Shroff publishers and dis. Pvt.
Name of publisher, distributor, etc. Mumbai
Date of publication, distribution, etc. 2003
300 ## - PHYSICAL DESCRIPTION
Other physical details 600
650 ## - SUBJECT ADDED ENTRY--TOPICAL TERM
Topical term or geographic name entry element COMPUTER NETWORK
Holdings
Withdrawn status Lost status Damaged status Not for loan Collection code Home library Current library Shelving location Date acquired Full call number Barcode Date last seen Price effective from Koha item type
        Computer Science and Engineering Central Library Central Library Book Cart 02/18/2022 005.8 KNI 11912 02/18/2022 02/18/2022 Books

Powered by Koha